000 00617cam a2200205 4500
001 ABS62200
008 000000n2000 000 0 eng u
035 _a(Sirsi) u105845
100 _aTolson, S.
245 _aKeep out of harm's way
260 _c2000
490 _aBuilding
_v265(8134) 28 April 2000, 47(1)
520 _aConsiders corporate liability for breaches of health and safety law. Reviews recent cases including details of fines imposed.
590 _aABS
650 _aCORPORATE LIABILITY
650 _aFINES
650 _aCORPORATE KILLING
690 _aHealth and safety
_96244
942 _n0
999 _c63385
_d63385